[Event "EYCC 2024 - O12"]
[Site "?"]
[Date "2024.08.23"]
[Round "2.1"]
[White "Huseynov, Ahmed"]
[Black "Ritzerveld, Noah"]
[Result "0-1"]
[BlackElo "2293"]
[WhiteElo "1933"]
[LiveChessVersion "1.4.8"]

1. Nf3 {[%clk 1:30:57]} d5 {[%clk 1:30:53]} 2. e3 {[%clk 1:31:22]} Nf6
{[%clk 1:31:13]} 3. c4 {[%clk 1:31:44]} c6 {[%clk 1:31:09]} 4. Nc3
{[%clk 1:31:51]} e6 {[%clk 1:31:30]} 5. b3 {[%clk 1:31:22]} Bd6 {[%clk 1:31:31]}
6. Bb2 {[%clk 1:31:30]} O-O {[%clk 1:31:51]} 7. Be2 {[%clk 1:31:18]} Nbd7
{[%clk 1:29:19]} 8. O-O {[%clk 1:21:55]} Re8 {[%clk 1:21:06]} 9. Rc1
{[%clk 1:02:29]} b6 {[%clk 1:17:21]} 10. Qc2 {[%clk 0:54:34]} Bb7
{[%clk 1:16:32]} 11. d4 {[%clk 0:51:38]} Rc8 {[%clk 1:13:47]} 12. Rfd1
{[%clk 0:38:21]} Qe7 {[%clk 1:12:28]} 13. e4 {[%clk 0:35:59]} dxe4
{[%clk 1:02:38]} 14. Nxe4 {[%clk 0:31:24]} Bf4 {[%clk 0:57:52]} 15. Rb1
{[%clk 0:26:34]} c5 {[%clk 0:54:16]} 16. Bd3 {[%clk 0:24:03]} cxd4
{[%clk 0:49:41]} 17. Nxd4 {[%clk 0:22:52]} Ne5 {[%clk 0:40:33]} 18. Nxf6+
{[%clk 0:22:17]} Qxf6 {[%clk 0:40:54]} 19. Bxh7+ {[%clk 0:08:00]} Kh8
{[%clk 0:40:57]} 20. g3 {[%clk 0:08:06]} g6 {[%clk 0:31:01]} 21. gxf4
{[%clk 0:06:09]} Qxf4 {[%clk 0:30:00]} 22. Ne2 {[%clk 0:06:24]} Qg5+
{[%clk 0:22:50]} 23. Ng3 {[%clk 0:06:49]} Kxh7 {[%clk 0:23:11]} 24. Bxe5
{[%clk 0:07:14]} Qxe5 {[%clk 0:23:30]} 25. Qb2 {[%clk 0:04:01]} Qc7
{[%clk 0:17:33]} 26. Rd4 {[%clk 0:02:49]} e5 {[%clk 0:17:41]} 27. Rh4+
{[%clk 0:03:05]} Kg7 {[%clk 0:17:50]} 28. Qd2 {[%clk 0:03:25]} Rh8
{[%clk 0:14:53]} 29. Qg5 {[%clk 0:02:15]} Rxh4 {[%clk 0:13:38]} 30. Nf5+
{[%clk 0:02:39]} Kg8 {[%clk 0:11:51]} 31. Ne7+ {[%clk 0:02:01]} Kf8
{[%clk 0:11:39]} 32. Qxh4 {[%clk 0:02:09]} Rd8 {[%clk 0:10:00]} 33. Qf6
{[%clk 0:02:02]} Ke8 {[%clk 0:09:06]} 34. Ng8 {[%clk 0:00:47]} Qd6
{[%clk 0:08:48]} 35. Re1 {[%clk 0:00:39]} Qxf6 {[%clk 0:07:42]} 36. Nxf6+
{[%clk 0:01:03]} Ke7 {[%clk 0:08:09]} 37. Nd5+ {[%clk 0:00:41]} Bxd5
{[%clk 0:08:33]} 38. Rxe5+ {[%clk 0:01:08]} Be6 {[%clk 0:08:59]} 39. Kg2
{[%clk 0:00:36]} Rd2 {[%clk 0:09:23]} 40. a4 {[%clk 0:00:41]} Kd6
{[%clk 0:09:39]} 41. Rb5 {[%clk 0:00:36]} Bd7 {[%clk 0:09:45]} 0-1

[Event "EYCC 2024 - O12"]
[Site "?"]
[Date "2024.08.23"]
[Round "2.2"]
[White "Golis, Wiktor"]
[Black "Zhang, Yibo"]
[Result "1/2-1/2"]
[BlackElo "1938"]
[WhiteElo "2216"]
[LiveChessVersion "1.4.8"]

1. e4 {[%clk 1:30:58]} e5 {[%clk 1:30:37]} 2. Nf3 {[%clk 1:31:23]} Nc6
{[%clk 1:31:04]} 3. Bb5 {[%clk 1:31:47]} a6 {[%clk 1:31:10]} 4. Ba4
{[%clk 1:32:12]} Nf6 {[%clk 1:31:17]} 5. O-O {[%clk 1:32:37]} Be7
{[%clk 1:31:25]} 6. Re1 {[%clk 1:33:00]} b5 {[%clk 1:31:34]} 7. Bb3
{[%clk 1:33:26]} d6 {[%clk 1:31:44]} 8. c3 {[%clk 1:33:51]} O-O {[%clk 1:32:09]}
9. h3 {[%clk 1:34:18]} Na5 {[%clk 1:32:08]} 10. Bc2 {[%clk 1:34:43]} c5
{[%clk 1:32:22]} 11. d4 {[%clk 1:35:10]} Nd7 {[%clk 1:32:48]} 12. Nbd2
{[%clk 1:34:23]} exd4 {[%clk 1:32:59]} 13. cxd4 {[%clk 1:34:46]} Nc6
{[%clk 1:33:24]} 14. Nf1 {[%clk 1:30:40]} cxd4 {[%clk 1:32:27]} 15. Nxd4
{[%clk 1:30:08]} Nxd4 {[%clk 1:32:53]} 16. Qxd4 {[%clk 1:30:32]} Ne5
{[%clk 1:32:39]} 17. Qd1 {[%clk 1:24:40]} Be6 {[%clk 1:29:56]} 18. Ne3
{[%clk 1:21:56]} Bf6 {[%clk 1:27:01]} 19. Qe2 {[%clk 0:59:58]} Rc8
{[%clk 1:15:59]} 20. Kh1 {[%clk 0:51:48]} Re8 {[%clk 1:03:45]} 1/2-1/2

[Event "EYCC 2024 - O12"]
[Site "?"]
[Date "2024.08.23"]
[Round "2.3"]
[White "Kiryttopoulos, Ioannis"]
[Black "Gibala, Adam"]
[Result "0-1"]
[BlackElo "2199"]
[WhiteElo "1922"]
[LiveChessVersion "1.4.8"]

1. e4 {[%clk 1:30:59]} c5 {[%clk 1:30:53]} 2. Nf3 {[%clk 1:31:24]} d6
{[%clk 1:31:18]} 3. Bb5+ {[%clk 1:31:51]} Nd7 {[%clk 1:31:43]} 4. O-O
{[%clk 1:32:17]} a6 {[%clk 1:32:07]} 5. Bd3 {[%clk 1:32:42]} Ngf6
{[%clk 1:32:32]} 6. Re1 {[%clk 1:33:07]} e6 {[%clk 1:31:51]} 7. c3
{[%clk 1:33:17]} Be7 {[%clk 1:32:15]} 8. Bc2 {[%clk 1:33:36]} b5 {[%clk 1:32:14]}
9. d4 {[%clk 1:33:17]} Bb7 {[%clk 1:31:46]} 10. e5 {[%clk 1:31:16]} Nd5
{[%clk 1:30:47]} 11. a4 {[%clk 1:30:05]} c4 {[%clk 1:27:22]} 12. Nbd2
{[%clk 1:27:27]} dxe5 {[%clk 1:25:45]} 13. dxe5 {[%clk 1:25:59]} O-O
{[%clk 1:22:25]} 14. Ne4 {[%clk 1:23:35]} Qc7 {[%clk 1:19:55]} 15. Ng3
{[%clk 1:16:44]} b4 {[%clk 1:16:58]} 16. cxb4 {[%clk 1:14:00]} Nxb4
{[%clk 1:17:12]} 17. Be4 {[%clk 1:07:52]} Nc5 {[%clk 1:15:55]} 18. Bxb7
{[%clk 1:03:45]} Qxb7 {[%clk 1:16:24]} 19. Bg5 Nbd3 {[%clk 1:14:09]} 20. Re2
{[%clk 0:56:15]} Bxg5 {[%clk 1:05:54]} 21. Nxg5 {[%clk 0:56:11]} Nf4
{[%clk 1:05:51]} 22. N5e4 {[%clk 0:55:03]} Nxe2+ {[%clk 1:06:04]} 23. Qxe2
{[%clk 0:55:28]} Nd3 {[%clk 1:04:00]} 24. Rb1 {[%clk 0:50:40]} Qd5
{[%clk 1:00:43]} 25. Nh5 {[%clk 0:44:36]} Qxe5 {[%clk 1:00:17]} 26. Nef6+
{[%clk 0:30:38]} Kh8 {[%clk 0:59:19]} 27. Qg4 {[%clk 0:30:21]} g6
{[%clk 0:58:27]} 28. Qxc4 {[%clk 0:28:27]} Rad8 {[%clk 0:56:23]} 29. f4
{[%clk 0:26:17]} Qe3+ {[%clk 0:56:40]} 0-1

[Event "EYCC 2024 - O12"]
[Site "?"]
[Date "2024.08.23"]
[Round "2.4"]
[White "Torres Rebolledo, Alvaro"]
[Black "Bekmukhanov, Sauran"]
[Result "1-0"]
[BlackElo "1930"]
[WhiteElo "2193"]
[LiveChessVersion "1.4.8"]

1. e4 {[%clk 1:30:10]} c5 {[%clk 1:30:24]} 2. Nf3 {[%clk 1:29:56]} d6
{[%clk 1:29:43]} 3. d4 {[%clk 1:30:05]} cxd4 {[%clk 1:28:22]} 4. Nxd4
{[%clk 1:30:17]} Nf6 {[%clk 1:28:16]} 5. Nc3 {[%clk 1:30:33]} a6 {[%clk 1:28:14]}
6. f3 {[%clk 1:30:08]} e5 {[%clk 1:28:07]} 7. Nb3 {[%clk 1:30:28]} Be6
{[%clk 1:27:43]} 8. Be3 {[%clk 1:30:32]} Nbd7 {[%clk 1:26:46]} 9. Qd2
{[%clk 1:28:48]} h5 {[%clk 1:26:51]} 10. Be2 {[%clk 1:24:20]} Be7
{[%clk 1:25:42]} 11. Nd5 {[%clk 1:24:00]} Nxd5 {[%clk 1:25:53]} 12. exd5
{[%clk 1:24:20]} Bf5 {[%clk 1:26:05]} 13. O-O {[%clk 1:23:34]} O-O
{[%clk 1:25:07]} 14. Na5 {[%clk 1:20:30]} Qc7 {[%clk 1:24:08]} 15. c4
{[%clk 1:19:35]} Nf6 {[%clk 1:23:42]} 16. b4 {[%clk 1:13:59]} Nh7
{[%clk 1:19:15]} 17. Rac1 {[%clk 1:08:30]} g5 {[%clk 1:12:31]} 18. c5
{[%clk 1:03:00]} Rab8 {[%clk 1:10:57]} 19. Nc4 {[%clk 0:58:14]} Rfe8
{[%clk 1:03:04]} 20. cxd6 {[%clk 0:56:48]} Bxd6 {[%clk 1:03:14]} 21. Bb6
{[%clk 0:56:41]} Qd7 {[%clk 1:00:51]} 22. Nxd6 {[%clk 0:56:56]} Qxd6
{[%clk 1:00:55]} 23. Bc7 {[%clk 0:57:12]} Qd7 {[%clk 1:00:48]} 24. Bxb8
{[%clk 0:57:06]} Rxb8 {[%clk 1:00:45]} 25. d6 {[%clk 0:54:34]} b5
{[%clk 0:54:54]} 26. Rc7 {[%clk 0:52:47]} Qe6 {[%clk 0:55:06]} 27. Bd1
{[%clk 0:49:44]} Qf6 {[%clk 0:52:07]} 28. Bb3 {[%clk 0:49:00]} Bg6
{[%clk 0:51:11]} 29. Rfc1 {[%clk 0:47:01]} Rd8 {[%clk 0:48:49]} 30. Rc8
{[%clk 0:44:49]} Nf8 {[%clk 0:46:23]} 31. Rxd8 {[%clk 0:41:40]} Qxd8
{[%clk 0:46:35]} 32. Qd5 {[%clk 0:39:37]} Nd7 {[%clk 0:45:35]} 33. Rc7 g4
{[%clk 0:42:05]} 34. Qc6 {[%clk 0:30:09]} Qg5 {[%clk 0:39:37]} 35. Qc1
{[%clk 0:30:15]} Qf5 {[%clk 0:39:38]} 36. Bc2 {[%clk 0:29:33]} Qe6
{[%clk 0:39:31]} 37. Bxg6 {[%clk 0:28:51]} Qxd6 {[%clk 0:38:43]} 38. Bf5
{[%clk 0:27:59]} 1-0

[Event "EYCC 2024 - O12"]
[Site "?"]
[Date "2024.08.23"]
[Round "2.5"]
[White "Ambartsumian, Tyhran"]
[Black "Leenen, Boyd"]
[Result "1-0"]
[BlackElo "1921"]
[WhiteElo "2156"]
[LiveChessVersion "1.4.8"]

1. e4 {[%clk 1:30:41]} e5 {[%clk 1:30:50]} 2. Nf3 {[%clk 1:31:04]} Nc6
{[%clk 1:31:11]} 3. Bb5 {[%clk 1:31:28]} a6 {[%clk 1:31:34]} 4. Ba4
{[%clk 1:31:53]} Nf6 {[%clk 1:31:52]} 5. O-O {[%clk 1:32:03]} Be7
{[%clk 1:31:43]} 6. Re1 {[%clk 1:32:25]} b5 {[%clk 1:32:06]} 7. Bb3
{[%clk 1:32:50]} d6 {[%clk 1:32:28]} 8. a4 {[%clk 1:32:59]} Na5 {[%clk 1:31:46]}
9. Ba2 {[%clk 1:33:07]} c5 {[%clk 1:31:43]} 10. d3 {[%clk 1:33:25]} O-O
{[%clk 1:31:39]} 11. Nbd2 {[%clk 1:31:03]} Qc7 {[%clk 1:30:32]} 12. Nf1
{[%clk 1:30:04]} h6 {[%clk 1:28:12]} 13. c3 {[%clk 1:26:33]} Bd7 {[%clk 1:24:27]}
14. Ne3 {[%clk 1:17:35]} c4 {[%clk 1:22:28]} 15. Nh4 {[%clk 1:10:11]} Be6
{[%clk 1:16:41]} 16. Nef5 {[%clk 0:56:40]} d5 {[%clk 1:05:27]} 17. exd5
{[%clk 0:48:34]} Bxd5 {[%clk 1:04:45]} 18. Re3 {[%clk 0:43:30]} cxd3
{[%clk 0:59:21]} 19. Rg3 {[%clk 0:38:51]} Bxa2 {[%clk 0:45:19]} 20. Rxg7+
{[%clk 0:38:49]} Kh8 {[%clk 0:45:43]} 21. Bxh6 {[%clk 0:39:10]} Bb3
{[%clk 0:44:52]} 22. Qxd3 {[%clk 0:39:20]} Rg8 {[%clk 0:41:09]} 23. Qh3
{[%clk 0:34:16]} Rxg7 {[%clk 0:15:48]} 24. Bxg7+ {[%clk 0:34:40]} Kg8
{[%clk 0:16:10]} 25. Nxe7+ {[%clk 0:34:59]} Qxe7 {[%clk 0:16:02]} 26. Nf5
{[%clk 0:35:16]} Nh7 {[%clk 0:16:08]} 27. Nxe7+ {[%clk 0:35:41]} Kxg7
{[%clk 0:16:30]} 28. axb5 {[%clk 0:36:07]} axb5 {[%clk 0:16:38]} 29. Nc6
{[%clk 0:36:24]} Ba4 {[%clk 0:16:18]} 30. Qg3+ {[%clk 0:36:45]} Kh8
{[%clk 0:16:06]} 31. Nxa5 {[%clk 0:37:09]} Rxa5 {[%clk 0:16:26]} 32. Qxe5+
{[%clk 0:37:34]} f6 {[%clk 0:16:40]} 33. Qb8+ {[%clk 0:37:55]} 1-0

[Event "EYCC 2024 - O12"]
[Site "?"]
[Date "2024.08.23"]
[Round "2.6"]
[White "Golubovic, Erik"]
[Black "Mnatsakanyan, Aren"]
[Result "1/2-1/2"]
[BlackElo "1918"]
[WhiteElo "2117"]
[LiveChessVersion "1.4.8"]

1. d4 {[%clk 1:30:56]} d5 {[%clk 1:30:53]} 2. c4 {[%clk 1:31:16]} c6
{[%clk 1:31:14]} 3. Nf3 {[%clk 1:31:39]} Nf6 {[%clk 1:31:38]} 4. Nc3
{[%clk 1:32:02]} e6 {[%clk 1:32:04]} 5. g3 {[%clk 1:32:11]} dxc4 {[%clk 1:32:24]}
6. Bg2 {[%clk 1:31:38]} b5 {[%clk 1:32:35]} 7. O-O {[%clk 1:30:25]} Bb7
{[%clk 1:31:29]} 8. Ne5 {[%clk 1:29:05]} a6 {[%clk 1:31:52]} 9. a4
{[%clk 1:26:54]} Qc8 {[%clk 1:31:49]} 10. Qc2 {[%clk 1:16:40]} Be7
{[%clk 1:29:16]} 11. Rd1 {[%clk 1:14:03]} O-O {[%clk 1:28:01]} 12. Ne4
{[%clk 1:08:49]} Nbd7 {[%clk 1:24:13]} 13. Nxf6+ {[%clk 1:03:28]} Nxf6
{[%clk 1:22:14]} 14. b3 {[%clk 1:01:56]} cxb3 {[%clk 1:20:53]} 15. Qxb3
{[%clk 1:02:08]} c5 {[%clk 1:20:56]} 16. Bxb7 {[%clk 0:50:38]} Qxb7
{[%clk 1:20:02]} 17. Ba3 {[%clk 0:50:42]} cxd4 {[%clk 1:07:15]} 18. Bxe7
{[%clk 0:50:46]} Qxe7 {[%clk 1:07:37]} 19. axb5 {[%clk 0:49:29]} Qc5
{[%clk 0:40:56]} 20. Nf3 {[%clk 0:42:58]} axb5 {[%clk 0:41:13]} 21. Rac1
{[%clk 0:40:00]} Qd5 {[%clk 0:41:34]} 22. Rb1 {[%clk 0:37:11]} Rfb8
{[%clk 0:37:01]} 23. Rxd4 {[%clk 0:35:45]} Qxb3 24. Rxb3 {[%clk 0:36:14]} g6
{[%clk 0:35:16]} 25. Rdb4 {[%clk 0:28:16]} Ra2 {[%clk 0:35:12]} 26. Kf1
{[%clk 0:26:18]} Rc8 {[%clk 0:33:18]} 27. Rb2 {[%clk 0:25:25]} Rc1+
{[%clk 0:27:37]} 28. Kg2 {[%clk 0:25:30]} Rc2 {[%clk 0:27:51]} 29. Rxa2
{[%clk 0:20:33]} Rxa2 {[%clk 0:27:48]} 30. Rxb5 {[%clk 0:19:45]} Rxe2
{[%clk 0:28:10]} 31. Re5 {[%clk 0:17:47]} Rxe5 {[%clk 0:27:06]} 32. Nxe5
{[%clk 0:18:16]} Kf8 {[%clk 0:26:54]} 33. Kf3 {[%clk 0:17:44]} Nd5
{[%clk 0:26:36]} 34. Nc6 {[%clk 0:15:28]} f5 {[%clk 0:26:14]} 35. Kg2
{[%clk 0:14:02]} g5 {[%clk 0:25:38]} 36. Ne5 {[%clk 0:11:30]} Ke7
{[%clk 0:24:56]} 37. Nd3 {[%clk 0:11:03]} g4 {[%clk 0:24:51]} 38. h3
{[%clk 0:09:39]} h5 {[%clk 0:25:05]} 39. hxg4 {[%clk 0:10:02]} hxg4
{[%clk 0:25:28]} 40. Ne5 {[%clk 0:08:21]} Kd6 {[%clk 0:25:20]} 41. Nf7+
{[%clk 0:06:51]} Kc5 {[%clk 0:25:08]} 42. Ne5 {[%clk 0:06:51]} Kd4
{[%clk 0:24:50]} 43. Nc6+ {[%clk 0:06:58]} Kd3 {[%clk 0:23:22]} 44. Kf1
{[%clk 0:06:13]} Ke4 {[%clk 0:20:49]} 45. Kg2 {[%clk 0:06:01]} Nc7
{[%clk 0:13:52]} 46. Nb4 {[%clk 0:05:23]} Nb5 {[%clk 0:14:09]} 47. Nc2
{[%clk 0:05:10]} Kd3 {[%clk 0:13:38]} 48. Ne3 {[%clk 0:04:38]} Ke2
{[%clk 0:13:11]} 49. Nc2 {[%clk 0:04:13]} e5 {[%clk 0:12:32]} 50. Nb4
{[%clk 0:02:41]} Nd4 51. Nd5 {[%clk 0:02:19]} Nc2 {[%clk 0:03:33]} 52. Nc3+
{[%clk 0:02:16]} Kd3 {[%clk 0:03:04]} 53. Nd5 {[%clk 0:01:27]} Ne1+
{[%clk 0:02:51]} 54. Kf1 {[%clk 0:01:38]} Nf3 {[%clk 0:03:17]} 55. Ne7
{[%clk 0:01:12]} Nd2+ {[%clk 0:02:22]} 56. Ke1 {[%clk 0:00:53]} Nf3+
{[%clk 0:02:38]} 57. Kf1 {[%clk 0:01:11]} Nd2+ {[%clk 0:02:11]} 58. Ke1
{[%clk 0:01:31]} f4 {[%clk 0:02:03]} 59. gxf4 {[%clk 0:01:22]} exf4
{[%clk 0:02:14]} 60. Nd5 {[%clk 0:01:13]} Nf3+ {[%clk 0:01:07]} 61. Kf1
{[%clk 0:01:31]} Ke4 {[%clk 0:01:24]} 62. Nf6+ {[%clk 0:01:08]} Kf5
{[%clk 0:01:49]} 63. Nd5 {[%clk 0:01:15]} Nd2+ {[%clk 0:00:55]} 64. Ke2
{[%clk 0:01:17]} Nb3 {[%clk 0:00:57]} 65. Nc3 {[%clk 0:00:37]} Nd4+
{[%clk 0:01:14]} 66. Kf1 {[%clk 0:00:58]} Nc6 {[%clk 0:01:01]} 67. Nd5
{[%clk 0:00:56]} Ne5 {[%clk 0:00:46]} 68. Nc3 {[%clk 0:01:08]} f3
{[%clk 0:00:41]} 69. Nd5 {[%clk 0:01:09]} Nd3 {[%clk 0:00:51]} 70. Ne3+
{[%clk 0:01:04]} Kg5 {[%clk 0:00:40]} 71. Nd5 {[%clk 0:00:50]} Nc5
{[%clk 0:00:58]} 72. Ne3 {[%clk 0:00:49]} Ne4 {[%clk 0:01:22]} 73. Nd5
{[%clk 0:00:49]} Nf6 {[%clk 0:00:42]} 74. Nc7 {[%clk 0:00:37]} Kf5
{[%clk 0:00:36]} 75. Nb5 {[%clk 0:00:47]} Ne4 {[%clk 0:00:44]} 76. Nd4+
{[%clk 0:00:44]} Ke5 {[%clk 0:01:04]} 77. Nc2 {[%clk 0:00:45]} Kf4
{[%clk 0:00:33]} 78. Nd4 {[%clk 0:00:51]} Nd6 {[%clk 0:00:33]} 79. Ne6+
{[%clk 0:00:47]} Ke5 {[%clk 0:00:57]} 80. Nc5 {[%clk 0:01:02]} Ne4
{[%clk 0:01:01]} 81. Nd3+ {[%clk 0:01:04]} Kd4 {[%clk 0:01:24]} 82. Nb4
{[%clk 0:00:57]} Nd2+ {[%clk 0:00:33]} 83. Ke1 {[%clk 0:01:19]} g3
{[%clk 0:00:33]} 84. fxg3 {[%clk 0:00:59]} Ne4 {[%clk 0:00:57]} 85. Kf1
{[%clk 0:00:34]} Nxg3+ {[%clk 0:00:33]} 86. Kf2 {[%clk 0:00:55]} 1/2-1/2

[Event "EYCC 2024 - O12"]
[Site "?"]
[Date "2024.08.23"]
[Round "2.7"]
[White "Stanica, Andrei"]
[Black "Saminskij, Jan"]
[Result "0-1"]
[BlackElo "2115"]
[WhiteElo "1908"]
[LiveChessVersion "1.4.8"]

1. e4 {[%clk 1:30:53]} e6 {[%clk 1:29:34]} 2. d4 {[%clk 1:31:17]} d5
{[%clk 1:29:07]} 3. Nc3 {[%clk 1:31:39]} Nf6 {[%clk 1:28:42]} 4. e5
{[%clk 1:31:53]} Nfd7 {[%clk 1:28:58]} 5. f4 {[%clk 1:32:15]} c5 {[%clk 1:29:25]}
6. Nf3 {[%clk 1:32:42]} Nc6 {[%clk 1:29:51]} 7. Be3 {[%clk 1:32:34]} a6
{[%clk 1:30:14]} 8. a3 {[%clk 1:32:31]} Be7 {[%clk 1:29:01]} 9. Be2
{[%clk 1:23:01]} b5 {[%clk 1:27:47]} 10. dxc5 {[%clk 1:21:20]} Nxc5
{[%clk 1:23:45]} 11. b4 {[%clk 1:21:07]} Nd7 {[%clk 1:22:05]} 12. Nd4
{[%clk 1:12:57]} Qc7 {[%clk 1:11:37]} 13. Nxc6 {[%clk 1:07:26]} Qxc6
{[%clk 1:11:56]} 14. Bd4 {[%clk 1:06:29]} Nb6 {[%clk 1:10:02]} 15. O-O
{[%clk 1:03:36]} Nc4 {[%clk 1:05:39]} 16. Bxc4 {[%clk 0:59:02]} dxc4
{[%clk 1:02:34]} 17. Qg4 {[%clk 0:45:16]} Bb7 {[%clk 0:59:50]} 18. Qf3
{[%clk 0:24:33]} Qxf3 {[%clk 0:57:55]} 19. gxf3 {[%clk 0:24:49]} O-O-O
{[%clk 0:57:41]} 20. Rad1 {[%clk 0:22:24]} f5 {[%clk 0:41:41]} 21. Ne2
{[%clk 0:18:14]} Rhg8 {[%clk 0:40:56]} 22. Kf2 {[%clk 0:13:04]} g5
{[%clk 0:39:31]} 23. fxg5 {[%clk 0:06:55]} Bxg5 {[%clk 0:38:29]} 24. f4
{[%clk 0:04:02]} Bh4+ {[%clk 0:38:42]} 25. Ng3 {[%clk 0:04:14]} Rg4
{[%clk 0:38:15]} 26. Be3 {[%clk 0:04:06]} Rdg8 {[%clk 0:37:54]} 27. Rg1
{[%clk 0:03:54]} Bd5 {[%clk 0:36:58]} 28. c3 {[%clk 0:03:22]} h5 {[%clk 0:34:06]}
29. Rc1 {[%clk 0:01:18]} Kb7 {[%clk 0:30:18]} 30. Rce1 {[%clk 0:01:03]} Kc6
{[%clk 0:24:32]} 31. Rc1 {[%clk 0:00:51]} Kd7 {[%clk 0:22:06]} 32. Ra1
{[%clk 0:00:41]} Ke8 {[%clk 0:20:47]} 33. Rac1 {[%clk 0:00:48]} Kf7
{[%clk 0:21:09]} 34. Ra1 {[%clk 0:00:56]} Kg6 {[%clk 0:20:52]} 35. a4
{[%clk 0:00:47]} Kh6 {[%clk 0:20:41]} 36. a5 {[%clk 0:01:05]} Be7
{[%clk 0:20:06]} 37. Raf1 {[%clk 0:00:42]} h4 {[%clk 0:20:14]} 38. Ne2
{[%clk 0:00:48]} Rg2+ {[%clk 0:20:25]} 39. Ke1 {[%clk 0:00:49]} h3
{[%clk 0:19:04]} 40. Rxg2 {[%clk 0:00:48]} Rxg2 {[%clk 0:18:58]} 41. Rg1
{[%clk 0:00:33]} Bh4+ {[%clk 0:18:58]} 42. Kf1 {[%clk 0:00:35]} Rxh2
{[%clk 0:18:54]} 43. Ng3 {[%clk 0:00:40]} Ra2 {[%clk 0:18:33]} 44. Bf2
{[%clk 0:00:51]} h2 {[%clk 0:18:55]} 45. Rg2 {[%clk 0:01:00]} Bxg3
{[%clk 0:18:57]} 46. Rxh2+ {[%clk 0:00:40]} Bxh2 {[%clk 0:19:18]} 47. Be3
{[%clk 0:01:02]} Kh5 {[%clk 0:19:41]} 48. Bf2 {[%clk 0:01:22]} Kg4
{[%clk 0:20:07]} 49. Bg3 {[%clk 0:01:09]} Bxg3 {[%clk 0:20:31]} 50. Kg1
{[%clk 0:01:34]} Ra1# 0-1

[Event "EYCC 2024 - O12"]
[Site "?"]
[Date "2024.08.23"]
[Round "2.8"]
[White "Elsness, Fredrik Valstad"]
[Black "Nezhyvenko, Mykhaylo"]
[Result "1/2-1/2"]
[BlackElo "2107"]
[WhiteElo "1900"]
[LiveChessVersion "1.4.8"]

1. e4 {[%clk 1:30:58]} c6 {[%clk 1:29:41]} 2. d4 {[%clk 1:31:21]} d5
{[%clk 1:29:14]} 3. e5 {[%clk 1:31:43]} Bf5 {[%clk 1:28:48]} 4. h4
{[%clk 1:31:09]} h5 {[%clk 1:27:13]} 5. Bd3 {[%clk 1:31:32]} Bxd3
{[%clk 1:27:33]} 6. Qxd3 {[%clk 1:31:57]} Qa5+ {[%clk 1:27:39]} 7. Nd2
{[%clk 1:32:17]} e6 {[%clk 1:27:55]} 8. Ngf3 {[%clk 1:32:32]} Nh6
{[%clk 1:27:25]} 9. O-O {[%clk 1:32:41]} Nf5 {[%clk 1:26:51]} 10. Nb3
{[%clk 1:32:50]} Qa6 {[%clk 1:26:33]} 11. Qd1 {[%clk 1:33:09]} b6
{[%clk 1:26:14]} 12. a4 {[%clk 1:30:29]} c5 {[%clk 1:18:58]} 13. a5
{[%clk 1:20:14]} c4 {[%clk 1:15:41]} 14. axb6 {[%clk 1:20:26]} Qxb6
{[%clk 1:16:02]} 15. Na5 {[%clk 1:20:04]} Bb4 {[%clk 1:09:44]} 16. Bd2
{[%clk 1:19:04]} Be7 {[%clk 1:09:19]} 17. c3 {[%clk 1:18:13]} O-O
{[%clk 0:45:44]} 18. Qe2 {[%clk 1:09:57]} Nc6 {[%clk 0:42:49]} 19. Nxc6
{[%clk 1:09:20]} Qxc6 {[%clk 0:43:17]} 20. Bg5 {[%clk 1:08:17]} Bxg5
{[%clk 0:41:46]} 21. Nxg5 {[%clk 1:08:39]} g6 {[%clk 0:42:09]} 22. g3
{[%clk 1:04:57]} a5 {[%clk 0:34:34]} 23. Kg2 {[%clk 1:01:51]} Qd7
{[%clk 0:27:47]} 24. Rh1 {[%clk 0:59:06]} Kg7 {[%clk 0:27:51]} 25. g4
{[%clk 0:49:17]} hxg4 {[%clk 0:26:37]} 26. h5 {[%clk 0:48:30]} Rh8
{[%clk 0:26:24]} 27. Qxg4 {[%clk 0:47:48]} Nh6 {[%clk 0:21:57]} 28. Qf4
{[%clk 0:43:53]} Nf5 {[%clk 0:21:51]} 29. h6+ {[%clk 0:43:22]} Kg8
{[%clk 0:20:31]} 30. h7+ {[%clk 0:41:28]} Kg7 {[%clk 0:20:45]} 31. Nf3
{[%clk 0:38:53]} Rxh7 {[%clk 0:12:38]} 32. Rxh7+ {[%clk 0:38:32]} Kxh7
{[%clk 0:13:06]} 33. Rh1+ {[%clk 0:38:49]} Kg7 {[%clk 0:13:30]} 34. Qh2
{[%clk 0:36:17]} Rg8 {[%clk 0:13:44]} 35. Ng5 {[%clk 0:35:22]} Qe7
{[%clk 0:14:09]} 36. Qf4 {[%clk 0:30:04]} Nh6 {[%clk 0:10:06]} 37. Ne4
{[%clk 0:16:28]} Rh8 {[%clk 0:05:51]} 38. Nf6 {[%clk 0:16:20]} Qd8
{[%clk 0:06:07]} 39. Qg5 {[%clk 0:16:13]} Nf5 {[%clk 0:04:59]} 40. Nh5+
{[%clk 0:09:01]} Kh7 {[%clk 0:05:24]} 41. Ng3+ {[%clk 0:06:38]} Kg7
{[%clk 0:05:20]} 42. Nxf5+ {[%clk 0:06:48]} exf5 {[%clk 0:05:40]} 43. Qf6+
{[%clk 0:06:53]} Qxf6 {[%clk 0:06:08]} 44. exf6+ {[%clk 0:07:14]} Kg8
{[%clk 0:06:29]} 45. Re1 {[%clk 0:07:34]} Kh7 {[%clk 0:04:59]} 46. Re7
{[%clk 0:05:38]} Rb8 {[%clk 0:05:17]} 47. Rxf7+ {[%clk 0:04:24]} 1/2-1/2